Home Print Resources E-Books E-Journals IIMT Lecture Series Library Membership Form Book Recommendation Form Campus Tour Take AdmissionAbout Us Contact Us

INFORMATION TECHNOIOGY FOR MANAGEMENT (Record no. 57680)

000 -LEADER
fixed length control field 00364nam a22001457a 4500
008 - FIXED-LENGTH DATA ELEMENTS--GENERAL INFORMATION
fixed length control field 231120b |||||||| |||| 00| 0 eng d
020 ## - ISBN
International Standard Book Number 9789389949360
040 ## - CATALOGING SOURCE
Original cataloging agency IIMT Engineering College-MBA
100 ## - MAIN ENTRY--PERSONAL NAME
Personal name BEHI RAMESH
245 ## - TITLE STATEMENT
Title INFORMATION TECHNOIOGY FOR MANAGEMENT
250 ## - EDITION STATEMENT
Edition statement 3ED
260 ## - PUBLICATION, DISTRIBUTION, ETC. (IMPRINT)
Place of publication, distribution, etc NEW DELHI ARISTA PUB
Name of publisher, distributor, etc MC GRAW HILL PUB
Date of publication, distribution, etc 9/11/2023
300 ## - PHYSICAL DESCRIPTION
Pages 684
942 ## - ADDED ENTRY ELEMENTS (KOHA)
Koha item type Book Bank
952 ## - LOCATION AND ITEM INFORMATION (KOHA)
-- 2023-11-20
952 ## - LOCATION AND ITEM INFORMATION (KOHA)
-- 2023-11-20
Holdings
Withdrawn status Lost status Source of classification or shelving scheme Damaged status Not for loan Location (home branch) Sublocation or collection (holding branch) Date acquired Cost Normal purchase price Koha issues (times borrowed) Accession No. Koha date last seen Copy number Koha item type
          IIMT Engineering College-MBA IIMT Engineering College-MBA   920.00   13-B-6842 11/20/2023 2 Book Bank
          IIMT Engineering College-MBA IIMT Engineering College-MBA   920.00   13-B-6843 11/20/2023 3 Book Bank
IIMT, Central Library. All Rights Reserved IIMT,UNIVERSITY © 2023
Implemented and Customised by I CLOUDE EMS
You Are OPAC Visitor No
free web counter

Powered by Koha